000 00676cam a22001934a 4500
005 20250605164346.0
008 250528s ||||||||||||||||||||||||d
035 _a23892
040 _aGR-AtMCL
_bgre
_dGR-AtMCL
_eAACR2
245 1 _aA Good Walk Worth Watching / Marc Jones and David Lavallee on the Psychology of Golf
260 _c2010
300 _a79
520 _aFather's Behaviours and Children's Problems, So You Think you Can Dance?, The Man Who Looks Inside People's Heads, Working Lives: An NHS Alcohol Service.
700 1 _aSutton Jon
_99351
942 _cCR
710 2 _aThe British Psychological Society
_99823
999 _c8810
_d8810